| 000 | 00621cam a2200241ua 4500 | ||
|---|---|---|---|
| 020 | _cRs 130.00 | ||
| 041 |
_aeng _h |
||
| 082 |
_a658.4034 _bHIL/OP |
||
| 100 | _aHillier, Frederick S . | ||
| 245 |
_aOperations research / _cFrederick S Hillier. _hTextual Documents |
||
| 250 |
_a2 / _b. |
||
| 260 |
_aNew Delhi : _bC B S Publishers & Distributers , _c1994. |
||
| 300 | _a800 ; . | ||
| 365 | _aRs 130.00 | ||
| 504 | _a | ||
| 700 | 1 | _aLieberman, Gerald J . | |
| 942 | _cBK | ||
| 999 |
_c1368 _d1368 |
||